| 000 | | | 05156cmc2a2200000 x 450 |
| 001 | | | 50db21d0-5285-4d8a-b96f-aafa59ac83ba |
| 005 | | | 20160229173752.0 |
| 100 | ## | $a | 20140618l18911891k l0rusy0189 ca |
| 101 | 0# | $a | ger |
| 102 | ## | $a | RU |
| 200 | 1# | $a | Письмо [Zungnickel J.] К. П. Победоносцеву |
| | $j | 1891 г. |
| 251 | ## | $c | Дело |
| 300 | ## | $a | Оригинальный заголовок дела: Переписка с заграничными корреспондентами. 1891 г. |
| 801 | #0 | $a | RU |
| | $b | РГИА |
| | $c | 20140618 |
| | $g | RCR |
| 801 | #1 | $a | RU |
| | $b | ГлавНИВЦ |
| | $c | 20140618 |
| | $2 | rusmarc |
| 801 | #2 | $a | RU |
| | $b | ПБ им. Б.Н. Ельцина |
| | $c | 20151105 |
| | $g | RCR |
| | $2 | rusmarc |
| 850 | ## | $a | Федеральное казенное учреждение "Российский государственный исторический архив" |
| 852 | ## | $a | РГИА |
| | $j | 221 |
| 937 | ## | $h | РГИА |
| | $d | 11556221 |
| | $a | ASBIBLIO_SCAN |
| 462 | #0 | $1 | 00148f1324f-f422-4055-959a-1b8f0f8dfe70 |
| | $1 | 2001 |
| | $a | Материалы Константина Петровича Победоносцева по Канцелярии обер-прокурора Святейшего Синода |
| | $v | Д. 221 |
| | $1 | 251 |
| | $c | Опись |
| | $1 | 852 |
| | $j | 2 |
| 461 | #0 | $1 | 0015e8db685-8d8d-4e3a-a7fe-5805b9da23ef |
| | $1 | 2001 |
| | $a | Победоносцев Константин Петрович (1827-1907) |
| | $1 | 251 |
| | $c | Фонд |
| | $1 | 852 |
| | $j | 1574 |
| 215 | ## | $a | 1 лист |
| | $d | 36,5х26 см |
| 371 | ## | $a | Документ не является опубликованным и широко распространяемым |
| 105 | ## | $a | y### |
| 122 | 0# | $a | d1891###### |
| 517 | 1# | $a | Переписка с заграничными корреспондентами |
| | $e | 1891 г. |
| 035 | ## | $a | 50db21d0-5285-4d8a-b96f-aafa59ac83ba |
| 600 | #1 | $2 | nlr_sh |
| | $3 | RU\NLR\AUTH\66321471 |
| | $a | Победоносцев |
| | $b | К. П. |
| | $f | 1827 – 1907 |
| | $g | Константин Петрович |
| | $j | Документы и материалы |
| 607 | ## | $2 | nlr_sh |
| | $3 | RU\NLR\AUTH\661415712 |
| | $a | Россия |
| | $j | Документы и материалы |
| | $x | История |
| | $z | 19 - нач. 20 вв. |
| 605 | ## | $a | Синод в истории российской государственности |
| | $l | коллекция |
| | $2 | acquisition_Prlib |
| | $3 | LIBNET\UAF\0000061018 |
| 605 | ## | $2 | acquisition_Prlib |
| | $3 | DITM\AF\0000002775 |
| | $a | Власть |
| | $l | коллекция |
| 686 | ## | $2 | rubbk |
| | $a | 63.3(2)5-8ю1 |
| | $v | LBC/M |
| 856 | 4# | $u | http://www.prlib.ru/Lib/pages/item.aspx?itemid=135893 |